Colin Veevers

Library of Babel School of Continuing Studies


Categories

Science - Physics3300753456.0046
Science - Biology1412505395.0022
Science - Chemistry0400408186.2533
Science - Other Science2110351555.6723
Mythology0200207591.0012
Philosophy1000157575.0011
History - American History1000156262.0011
Fine Arts - Auditory Fine Arts1000156969.0001
Fine Arts - Visual Fine Arts010010102102.0011
Fine Arts - Other Fine Arts01105110110.0001

Buzzes

Science - Other Scienceeigenvalues1515
Science - Physicsprobability1534
Science - Physicsphase1542
Science - Physicscurvature1050
Science - PhysicsWerner Heisenberg1550
Fine Arts - Other Fine ArtsSonny Rollins-550
Science - Biologyislands1053
Science - Biologyblood1554
Science - Other Sciencegravitational waves1555
History - American HistoryMississippi River1562